|
|
|
|
| LEADER |
01893nam a22004454a 4500 |
| 001 |
EBC459565 |
| 003 |
MiAaPQ |
| 005 |
20200520144314.0 |
| 006 |
m o d | |
| 007 |
cr cn||||||||| |
| 008 |
090403s2009 dcua sb 001 0 eng |
| 010 |
|
|
|z 2009014237
|
| 020 |
|
|
|z 9780821379448 (pbk.)
|
| 020 |
|
|
|a 9780821379455 (electronic bk.)
|
| 035 |
|
|
|a (MiAaPQ)EBC459565
|
| 035 |
|
|
|a (Au-PeEL)EBL459565
|
| 035 |
|
|
|a (CaPaEBR)ebr10369865
|
| 035 |
|
|
|a (CaONFJC)MIL218403
|
| 035 |
|
|
|a (OCoLC)431320555
|
| 040 |
|
|
|a MiAaPQ
|c MiAaPQ
|d MiAaPQ
|
| 043 |
|
|
|a f------
|
| 050 |
|
4 |
|a HD9017.A2
|b A395 2009
|
| 082 |
0 |
4 |
|a 338.1096
|2 22
|
| 245 |
0 |
0 |
|a Agribusiness and innovation systems in Africa
|h [electronic resource] /
|c Kurt Larsen, Ronald Kim, and Florian Theus, editors.
|
| 260 |
|
|
|a Washington DC :
|b World Bank,
|c c2009.
|
| 300 |
|
|
|a xxii, 214 p. :
|b ill.
|
| 504 |
|
|
|a Includes bibliographical references and index.
|
| 505 |
0 |
|
|a Value chains, innovation, and public policies in African agriculture : a synthesis of four country studies -- Ghana : cassava, cocoa, and poultry -- Kenya : maize, tomato, and dairy -- Tanzania : sunflower, cassava, and dairy -- Uganda : fish, bananas, and vegetables.
|
| 533 |
|
|
|a Electronic reproduction. Ann Arbor, MI : ProQuest, 2015. Available via World Wide Web. Access may be limited to ProQuest affiliated libraries.
|
| 650 |
|
0 |
|a Agriculture
|x Economic aspects
|z Africa.
|
| 650 |
|
0 |
|a Agricultural industries
|z Africa.
|
| 650 |
|
0 |
|a Agricultural innovations
|z Africa.
|
| 650 |
|
0 |
|a Agriculture and state.
|
| 650 |
|
0 |
|a Food supply
|x Economic aspects
|z Africa.
|
| 655 |
|
4 |
|a Electronic books.
|
| 700 |
1 |
|
|a Larsen, Kurt,
|d 1957-
|
| 700 |
1 |
|
|a Kim, Ronald,
|d 1964-
|
| 700 |
1 |
|
|a Theus, Florian,
|d 1980-
|
| 710 |
2 |
|
|a ProQuest (Firm)
|
| 856 |
4 |
0 |
|u https://ebookcentral.proquest.com/lib/matrademy/detail.action?docID=459565
|z Click to View
|